000 00500nmm a2200157Ia 4500
008 251105s9999||||xx |||||||||||||||||und||
020 _a9788431538620
041 _aspa
100 _aFurlani Pedoja, Anna
245 0 _aLa poda ornamental - Enciclopedia práctica
264 _a[Madrid, España] :
_bDe Vecchi,
_c[Fecha de publicación no identificada]
300 _a0 páginas
650 _aBiology and natural sciences
856 _uhttps://public.digitaliapublishing.com/a/123127
942 _cCF
999 _c81495
_d81495